| 000 | 00463 a2200205 4500 | ||
|---|---|---|---|
| 260 | _aParis | ||
| 100 | _aCANDELON, Philippe | ||
| 260 | _bJ.-Baillière | ||
| 245 | _aLes machines agricoles | ||
| 300 | _a372 p. | ||
| 650 | _a<Machines agricoles> | ||
| 260 | _c1973 | ||
| 300 | _bill., fig. ; 20 cm | ||
| 130 | _lFr. | ||
| 440 | _a(Collection d'enseignement agricole) | ||
| 035 | _a8744 | ||
| 999 |
_c11516 _d11516 |
||